<?xml version="1.0" encoding="UTF-8"?><marc:collection xmlns:marc="http://www.loc.gov/MARC21/slim">
  <marc:record>
    <marc:leader>00000nam##2200000za#4500</marc:leader>
    <marc:controlfield tag="001">9.660971</marc:controlfield>
    <marc:controlfield tag="003">CaOODSP</marc:controlfield>
    <marc:controlfield tag="005">20230117131517</marc:controlfield>
    <marc:controlfield tag="007">ta</marc:controlfield>
    <marc:controlfield tag="008">150407|1999||||xxc|||||     f|0| 0 eng|d</marc:controlfield>
    <marc:datafield tag="020" ind1=" " ind2=" ">
      <marc:subfield code="a">0-662-64237-6</marc:subfield>
    </marc:datafield>
    <marc:datafield tag="040" ind1=" " ind2=" ">
      <marc:subfield code="a">CaOODSP</marc:subfield>
      <marc:subfield code="b">eng</marc:subfield>
    </marc:datafield>
    <marc:datafield tag="041" ind1=" " ind2=" ">
      <marc:subfield code="a">eng</marc:subfield>
    </marc:datafield>
    <marc:datafield tag="041" ind1=" " ind2=" ">
      <marc:subfield code="a">fre</marc:subfield>
    </marc:datafield>
    <marc:datafield tag="043" ind1=" " ind2=" ">
      <marc:subfield code="a">n-cn---</marc:subfield>
    </marc:datafield>
    <marc:datafield tag="086" ind1="1" ind2=" ">
      <marc:subfield code="a">JL2-4/1999</marc:subfield>
    </marc:datafield>
    <marc:datafield tag="110" ind1="2" ind2=" ">
      <marc:subfield code="a">Law Commission of Canada.</marc:subfield>
    </marc:datafield>
    <marc:datafield tag="245" ind1="1" ind2="0">
      <marc:subfield code="a">Setting judicial compensation : </marc:subfield>
      <marc:subfield code="b">multidisciplinary perspectives </marc:subfield>
    </marc:datafield>
    <marc:datafield tag="260" ind1=" " ind2=" ">
      <marc:subfield code="a">Ottawa - Ontario : </marc:subfield>
      <marc:subfield code="b">Law Commission of Canada </marc:subfield>
      <marc:subfield code="c">1999.</marc:subfield>
    </marc:datafield>
    <marc:datafield tag="300" ind1=" " ind2=" ">
      <marc:subfield code="a">English text, iv, 127p. : </marc:subfield>
      <marc:subfield code="c">24 cm.</marc:subfield>
    </marc:datafield>
    <marc:datafield tag="500" ind1=" " ind2=" ">
      <marc:subfield code="a">"On March 7, 1998 the Law Commission of Canada hosted a Round Table in Victoria, B.C. to explore the implications of the decision of the Supreme Court of Canada in the reference re remuneration of judges of the Provincial Court of Prince Edward Island case... As part of the day's proceedings the Law Commission of Canada requested a number of scholars to produce studies for distribution to invitees... Following the Round Table a number of invitees expressed interest in having the final versions of these studies made available in a more permanent format. The Law Commission of Canada was also asked to prepare a brief summary of the discussions at the Round Table for general distribution. This collection is the result of these requests. The papers presented here are the work of their respective authors writing as scholarly commentary. They do not, therefore, necessarily represent the position of the Law Commission of Canada."--Page 1.</marc:subfield>
    </marc:datafield>
    <marc:datafield tag="504" ind1=" " ind2=" ">
      <marc:subfield code="a">Bibliography.</marc:subfield>
    </marc:datafield>
    <marc:datafield tag="520" ind1="3" ind2=" ">
      <marc:subfield code="a">On March 7, 1998 the Law Commission of Canada hosted a Round Table in Victoria, B.C. to explore the implications of the decision of the Supreme Court of Canada in the reference re remuneration of judges of the Provincial Court of Prince Edward Island case... As part of the day's proceedings the Law Commission of Canada requested a number of scholars to produce studies for distribution to invitees... Following the Round Table a number of invitees expressed interest in having the final versions of these studies made available in a more permanent format. The Law Commission of Canada was also asked to prepare a brief summary of the discussions at the Round Table for general distribution. This collection is the result of these requests. The papers presented here are the work of their respective authors writing as scholarly commentary. They do not, therefore, necessarily represent the position of the Law Commission of Canada.--Page 1</marc:subfield>
    </marc:datafield>
    <marc:datafield tag="546" ind1=" " ind2=" ">
      <marc:subfield code="a">Bilingual</marc:subfield>
    </marc:datafield>
    <marc:datafield tag="563" ind1=" " ind2=" ">
      <marc:subfield code="a">Softcover</marc:subfield>
    </marc:datafield>
    <marc:datafield tag="590" ind1=" " ind2=" ">
      <marc:subfield code="a">99-20</marc:subfield>
      <marc:subfield code="b">1999-05-21</marc:subfield>
    </marc:datafield>
    <marc:datafield tag="690" ind1="0" ind2="7">
      <marc:subfield code="a">Constitutional law</marc:subfield>
      <marc:subfield code="2">gcpds</marc:subfield>
    </marc:datafield>
    <marc:datafield tag="776" ind1="0" ind2="#">
      <marc:subfield code="t">Établir la rémunération des juges : </marc:subfield>
      <marc:subfield code="w">(CaOODSP)9.639581</marc:subfield>
    </marc:datafield>
    <marc:datafield tag="776" ind1="0" ind2="#">
      <marc:subfield code="t">Setting judicial compensation : </marc:subfield>
      <marc:subfield code="w">(CaOODSP)9.695445</marc:subfield>
    </marc:datafield>
    <marc:datafield tag="792" ind1=" " ind2=" ">
      <marc:subfield code="t">Établir la rémunération des juges : </marc:subfield>
      <marc:subfield code="e">fre</marc:subfield>
      <marc:subfield code="w">(CaOODSP)9.660972</marc:subfield>
    </marc:datafield>
  </marc:record>
</marc:collection>
